[Event "Mechanics' Summer TNM; G/2 d5"]
[Site "San Francisco"]
[Date "2017.05.30"]
[Round "2.22"]
[White "Brown, Nicholas M"]
[Black "Marcus, Joel"]
[Result "0-1"]
[WhiteElo "1551"]
[BlackElo "1919"]
[Annotator "Donaldson"]
[PlyCount "68"]
[EventDate "2017.??.??"]

1. d4 d5 2. c4 Nc6 3. e3 e5 4. cxd5 Qxd5 5. Nc3 Bb4 6. Bd2 Bxc3 7. Bxc3 exd4 8.
Bxd4 $2 (8. Ne2 {is theory and best here.}) 8... Nxd4 9. Qxd4 Qxd4 10. exd4 Be6
11. Nf3 O-O-O 12. g3 Bd5 13. Bg2 Nf6 14. O-O Bxf3 15. Bxf3 Rxd4 16. Rac1 Rd2
17. Rfe1 Re8 18. Rxe8+ Nxe8 19. Bg4+ Kb8 20. Re1 Nd6 21. Re7 b5 22. Bd7 Rxb2
23. Be8 f6 24. Bc6 Rxa2 25. Rxg7 a5 26. Rxh7 a4 27. Rh6 Rc2 28. Bd7 a3 29. Be6
a2 30. Bxa2 Rxa2 31. Rxf6 b4 32. Rf3 Ra3 33. Rf4 c5 34. Rf6 Kc7 0-1

[Event "Mechanics' Fall TNM; G/2 d5"]
[Site "San Francisco"]
[Date "2017.11.28"]
[Round "6.25"]
[White "Brown, Nicholas M"]
[Black "McSweeney, Mike"]
[Result "1-0"]
[WhiteElo "1496"]
[BlackElo "1688"]
[Annotator "Donaldson"]
[PlyCount "63"]
[EventDate "2017.??.??"]

1. d4 d5 2. c4 Nf6 $6 3. cxd5 Nxd5 4. e4 $6 (4. Nf3 {followed by e4.}) 4... Nb6
$6 (4... Nf6 5. Nc3 e5 $1) 5. Nf3 Nc6 6. Be2 e6 (6... Bg4) 7. O-O Bd6 8. b3 O-O
9. Bb2 Re8 10. Bb5 Nd7 11. Bxc6 bxc6 12. Nbd2 e5 13. Rc1 Bb7 14. Re1 Re6 15.
Nc4 Qf6 16. dxe5 Qg6 17. exd6 cxd6 18. Na5 Bc8 19. Nxc6 Nf6 20. Bxf6 Rxf6 21.
Ne7+ Kf8 22. Nxg6+ Rxg6 23. Rc6 Bh3 24. g3 h5 25. Rxd6 f6 26. Rd8+ Rxd8 27.
Qxd8+ Kf7 28. Rc1 Rg4 29. Rc7+ Kg6 30. Qe8+ Kh6 31. Qh8+ Kg6 32. Qxg7# 1-0

[Event "Mechanics' Fall TNM; G/2 d5"]
[Site "San Francisco"]
[Date "2017.11.21"]
[Round "5.26"]
[White "Brown, Nicholas M"]
[Black "Newey, Richard Her"]
[Result "1/2-1/2"]
[WhiteElo "1496"]
[BlackElo "1765"]
[PlyCount "48"]
[EventDate "2017.??.??"]

1. d4 Nf6 2. c4 g6 3. Nc3 d5 4. e3 Bg7 5. Nf3 O-O 6. Be2 dxc4 7. Bxc4 Bg4 8.
Be2 Nd5 9. Qb3 Nxc3 10. bxc3 b6 11. O-O Nc6 12. a4 Bf5 13. Ba3 Na5 14. Qa2 Be4
15. Ng5 Bd5 16. c4 Bb7 17. Bf3 h6 18. Bxb7 Nxb7 19. Nf3 c5 20. Rfd1 Qc7 21.
Rac1 Rfe8 22. d5 Nd6 23. Bb2 e5 24. Qa1 f6 1/2-1/2

[Event "Mechanics' Fall TNM; G/2 d5"]
[Site "San Francisco"]
[Date "2017.11.07"]
[Round "3.41"]
[White "Brown, Nicholas M"]
[Black "Zulkhuu, Jamyandagva"]
[Result "1-0"]
[WhiteElo "1496"]
[BlackElo "935"]
[PlyCount "69"]
[EventDate "2017.??.??"]

1. d4 d5 2. c4 Nf6 3. Nc3 e6 4. Bg5 Be7 5. e3 Nc6 6. Nf3 b6 7. a3 Ba6 8. Qa4
Bb7 9. Bd3 h6 10. Bxf6 Bxf6 11. O-O O-O 12. cxd5 exd5 13. Rac1 Ne7 14. Qc2 g6
15. Ne2 Rc8 16. Nf4 Qe8 17. Rfe1 c5 18. dxc5 bxc5 19. Qb1 c4 20. Be2 Qd7 21.
Nd4 a6 22. Red1 Nc6 23. Nxc6 Qxc6 24. Bf3 Qd7 25. Bxd5 Bxd5 26. Nxd5 Be5 27.
Nf6+ Bxf6 28. Rxd7 Rc5 29. Rcd1 Rb5 30. Qe4 Rxb2 31. Qxc4 a5 32. R7d6 Bg5 33.
Rxg6+ Kh8 34. Qc3+ Kh7 35. Qg7# 1-0

[Event "Mechanics' Fall TNM; G/2 d5"]
[Site "San Francisco"]
[Date "2017.11.14"]
[Round "4.18"]
[White "Campers, Willie"]
[Black "Argo, Guy"]
[Result "0-1"]
[WhiteElo "1628"]
[BlackElo "1946"]
[PlyCount "44"]
[EventDate "2017.??.??"]

1. e4 e5 2. Nf3 f5 3. Nxe5 Nc6 4. Qh5+ g6 5. Nxg6 Nf6 6. Qxf5 d6 7. Qg5 Rg8 8.
Qh4 Rxg6 9. f3 Qe7 10. d3 Bg7 11. Nc3 Nd4 12. Qf2 c5 13. Be3 d5 14. O-O-O Be6
15. Kb1 O-O-O 16. h4 h5 17. Bg5 Qf8 18. e5 Ng4 19. Qg1 Nxe5 20. Bxd8 Qxd8 21.
Re1 Nexf3 22. Rxe6 Rxe6 0-1

[Event "Mechanics' Spring TNM; G/2"]
[Site "San Francisco"]
[Date "2017.04.11"]
[Round "5.30"]
[White "Campers Jr, Willie"]
[Black "Adams, Sophie"]
[Result "1-0"]
[WhiteElo "1721"]
[BlackElo "1319"]
[Annotator "Donaldson"]
[PlyCount "85"]
[EventDate "2017.??.??"]

1. e4 e5 2. Nf3 Nc6 3. Bb5 a6 4. Ba4 Nf6 5. d3 (5. O-O Be7 6. Re1 b5 7. Bb3 d6
8. c3 O-O 9. h3 Na5 10. Bc2 c5 11. d4) 5... Be7 6. c3 b5 7. Bb3 O-O 8. O-O d6
9. h3 Na5 10. Bc2 c5 11. d4 {Black is a tempo ahead of the main line as White
has spent two tempos to play d4.} cxd4 12. cxd4 Nc6 13. Nc3 Bb7 14. a3 Qc7 15.
Be3 Rfe8 16. Rc1 Rad8 17. Bb3 Qd7 18. Ba2 exd4 19. Nxd4 Nxd4 $2 (19... Ne5 $11)
20. Qxd4 Bf8 21. f3 Rc8 22. Rfd1 Red8 23. Rd3 d5 24. exd5 Bc5 25. Qf4 Bxe3+ (
25... Qc7 $5) 26. Qxe3 Ne8 27. Rcd1 Nd6 28. Qg5 Nc4 29. Ne4 Kf8 30. Bxc4 Rxc4
31. b3 Rc2 32. Ng3 Qd6 33. Nf5 Qb6+ 34. Kh1 g6 35. Qe7+ Kg8 36. Nh6+ Kg7 37.
Nxf7 Rdc8 38. Nd6+ Kh6 39. Nxc8 (39. Rd4) 39... Bxc8 40. Rd4 g5 41. d6 Bxh3 42.
gxh3 (42. Rh4+ gxh4 43. Qf6+ Kh5 44. Rd5+ Bf5 45. Rxf5#) 42... Rc1 43. Qf6+ 1-0

[Event "Mechanics' Peter Grey TNM; G/2 d5"]
[Site "San Francisco"]
[Date "2017.08.08"]
[Round "1.34"]
[White "Campers Jr, Willie"]
[Black "Bayaraa, Timothy"]
[Result "1-0"]
[WhiteElo "1651"]
[BlackElo "782"]
[PlyCount "63"]
[EventDate "2017.??.??"]

1. e4 e5 2. Nf3 Nc6 3. Bc4 Bc5 4. c3 d6 5. b4 Bb6 6. a4 a6 7. a5 Ba7 8. d3 Nf6
9. O-O O-O 10. h3 d5 11. exd5 Nxd5 12. Bg5 f6 13. Bd2 h6 14. Qb3 Be6 15. Be3
Kh8 16. Bxa7 Rxa7 17. g3 Bxh3 18. Bxd5 Bxf1 19. Kxf1 Ne7 20. Bc4 b5 21. axb6
cxb6 22. b5 a5 23. Nbd2 Qa8 24. Kg1 a4 25. Qb4 g5 26. Nh2 Rd8 27. Ng4 f5 28.
Nxe5 Nd5 29. Qb2 a3 30. Qb3 f4 31. Nc6 Rg7 32. Bxd5 1-0

[Event "Mechanics' Fall TNM; G/2 d5"]
[Site "San Francisco"]
[Date "2017.11.07"]
[Round "3.36"]
[White "Campers Jr, Willie"]
[Black "Capdeville, Barry"]
[Result "1-0"]
[WhiteElo "1628"]
[BlackElo "1238"]
[Annotator "Winslow,E"]
[PlyCount "87"]
[EventDate "2017.??.??"]

1. e4 e5 2. Nf3 Nf6 3. Nc3 d6 4. Bc4 Be7 5. d4 Nbd7 6. O-O O-O 7. h3 Re8 $4 8.
Re1 $4 (8. Bxf7+) 8... h6 9. Be3 Bf8 10. Nd2 Nb6 11. Bb3 Be6 12. d5 Bd7 13. a4
Nc8 14. Ne2 Ne7 15. c4 c5 16. f4 Ng6 17. f5 Nh8 18. Ng3 Nh7 19. Nf3 f6 20. h4
Re7 21. Qd2 Be8 22. Bd1 Bf7 23. b4 b6 24. bxc5 bxc5 25. Rb1 Rb8 26. Be2 Be8 27.
a5 Reb7 28. Rxb7 Rxb7 29. Nh2 Bf7 30. a6 Rb8 31. Bh5 Bxh5 32. Nxh5 Qe8 33. Qd1
g6 34. Ng3 Rc8 35. Ng4 g5 36. hxg5 hxg5 37. Kf2 Nf7 38. Rh1 Bg7 39. Nh5 Qe7 40.
Qb3 Nd8 41. Rb1 Qe8 42. Rh1 Nf7 43. Nxg7 Kxg7 44. Rxh7+ 1-0

[Event "Mechanics' Spring TNM; G/2"]
[Site "San Francisco"]
[Date "2017.03.28"]
[Round "3.34"]
[White "Campers Jr, Willie"]
[Black "Cheng, Andrew Ys"]
[Result "1-0"]
[WhiteElo "1721"]
[BlackElo "1353"]
[PlyCount "49"]
[EventDate "2017.??.??"]

1. e4 e5 2. Nf3 Nc6 3. Bb5 d6 4. d4 exd4 5. Nxd4 Bd7 6. Nc3 Nxd4 7. Qxd4 Bxb5
8. Nxb5 c6 9. Nc3 Nf6 10. Bg5 Be7 11. O-O-O O-O 12. f3 c5 13. Qe3 b5 14. e5 Ne8
15. h4 Qc7 16. Nd5 Bxg5 17. hxg5 Qa5 {Diagram #} 18. Qe4 (18. Ne7+ Kh8 19.
Rxh7+ Kxh7 20. Rh1#) 18... g6 19. Kb1 Qd8 20. Nf6+ Nxf6 21. gxf6 Re8 22. Rxd6
Qc7 23. Qf4 Qxd6 24. exd6 Re6 25. Qh6 1-0

[Event "Mechanics' Peter Grey TNM; G/2 d5"]
[Site "San Francisco"]
[Date "2017.09.26"]
[Round "8.17"]
[White "Campers Jr, Willie"]
[Black "Clemens, Kristian"]
[Result "0-1"]
[WhiteElo "1651"]
[BlackElo "1902"]
[PlyCount "108"]
[EventDate "2017.??.??"]

1. e4 e5 2. Nf3 Nf6 3. Nc3 Nc6 4. Bb5 Bb4 5. d3 Nd4 6. Bc4 d6 7. a3 Ba5 8. b4
Bb6 9. Nxd4 Bxd4 10. Bb2 Bg4 11. Qd2 O-O 12. Na4 Bxb2 13. Nxb2 d5 14. exd5 Nxd5
15. O-O Nf4 16. Rfe1 Qg5 17. Qe3 Rae8 18. Bd5 c6 19. Bf3 f5 20. Kh1 Re6 21.
Bxg4 Qxg4 22. Qg3 Qh5 23. Qf3 Qh6 24. Nc4 Rg6 25. g3 Qh3 26. Kg1 Rh6 27. Qh1
Ng6 28. Nxe5 Nxe5 29. Rxe5 f4 30. Qg2 Qd7 31. Rae1 fxg3 32. hxg3 Rhf6 33. R1e2
Qd4 34. R5e4 Qa1+ 35. Qf1 Qxa3 36. Qh3 Qc1+ 37. Qf1 Qg5 38. Qh3 Qd5 39. Qg2 c5
40. bxc5 Qxc5 41. R4e3 Rxf2 42. Qxf2 Rxf2 43. Kxf2 a5 44. Ke1 h6 45. Re8+ Kh7
46. R8e3 a4 47. Kd2 Qb4+ 48. Kc1 a3 49. c4 Qb3 50. d4 Qxc4+ 51. Rc2 Qf1+ 52.
Kd2 Qf2+ 53. Kd3 Qf5+ 54. Kd2 Qa5+ 0-1

[Event "Mechanics' Winter TNM; G/2"]
[Site "San Francisco"]
[Date "2017.01.31"]
[Round "5.26"]
[White "Campers Jr, Willie"]
[Black "MacIntyre, Brendan"]
[Result "1-0"]
[WhiteElo "1736"]
[BlackElo "1502"]
[PlyCount "85"]
[EventDate "2017.??.??"]

1. e4 c5 2. Nf3 Nc6 3. d4 cxd4 4. Nxd4 Nf6 5. Nc3 g6 6. f3 Bg7 7. Be3 O-O 8.
Qd2 d5 9. Nxc6 bxc6 10. exd5 cxd5 11. O-O-O e6 12. Bh6 a5 13. Bxg7 Kxg7 14. Bb5
Bd7 15. Bxd7 Qxd7 16. h4 a4 17. a3 Rab8 18. Na2 Rfc8 19. Nb4 Rc4 20. Kb1 Ne8
21. h5 Nd6 22. hxg6 hxg6 23. Qh6+ Kf6 24. g4 Qb7 25. g5+ Ke7 26. Qg7 Rf4 27.
Qe5 Rf5 28. Nxd5+ Qxd5 29. Rxd5 Rxe5 30. Rxe5 Nc4 31. Rc5 Nd2+ 32. Kc1 Nxf3 33.
Rc7+ Kd6 34. Rxf7 Nxg5 35. Ra7 e5 36. Rg1 Ne4 37. Rxg6+ Kd5 38. Rxa4 Rf8 39.
Rg1 Nf2 40. Re1 Rc8 41. Kd2 Rc5 42. Rh4 Rb5 43. c4+ 1-0

[Event "Mechanics' Peter Grey TNM; G/2 d5"]
[Site "San Francisco"]
[Date "2017.08.29"]
[Round "4.14"]
[White "Campers Jr, Willie"]
[Black "Maser, Thomas F"]
[Result "0-1"]
[WhiteElo "1651"]
[BlackElo "1921"]
[PlyCount "76"]
[EventDate "2017.??.??"]

1. e4 e5 2. Nf3 Nc6 3. Bc4 Nf6 4. d3 Be7 5. c3 O-O 6. O-O d6 7. Nbd2 Na5 8. Bb5
a6 9. Ba4 b5 10. Bc2 c5 11. b4 cxb4 12. cxb4 Nc6 13. a3 Bg4 14. Bb2 Rc8 15. Rc1
Nh5 16. h3 Bxf3 17. Qxf3 Nf4 18. Kh2 Qd7 19. Bb3 a5 20. bxa5 Nxa5 21. Ba2 Nc6
22. Rfd1 Ne6 23. Nb3 Bg5 24. Rb1 b4 25. g3 bxa3 26. Bc3 Bf6 27. h4 Ned4 28.
Nxd4 exd4 29. Bd2 Ne5 30. Qe2 Rc2 31. Bb3 Rb2 32. Rxb2 axb2 33. Rb1 Qb5 34. Bc2
Rc8 35. Bf4 Qb4 36. Bxe5 dxe5 37. Qd1 Qc3 38. Rxb2 Qxb2 0-1

[Event "Mechanics' Fall TNM; G/2 d5"]
[Site "San Francisco"]
[Date "2017.12.19"]
[Round "9.18"]
[White "Campers Jr, Willie"]
[Black "Mays, Jerry L"]
[Result "1-0"]
[WhiteElo "1628"]
[BlackElo "1700"]
[Annotator "Donaldson"]
[PlyCount "63"]
[EventDate "2017.??.??"]

1. e4 e5 2. Nf3 Nc6 3. Bb5 a6 4. Ba4 Nf6 5. d3 Bc5 6. c3 b5 7. Bc2 O-O 8. Be3
Bxe3 9. fxe3 d5 10. exd5 Nxd5 11. Qe2 Bf5 12. Nbd2 Qf6 13. O-O Bg4 14. Ne4 Qh6
15. Rae1 Nce7 16. Bb3 Rad8 17. Qf2 Bxf3 18. Qxf3 f5 19. Nc5 Qc6 20. d4 e4 21.
Qg3 Rd6 22. Qh4 Rff6 23. Qg3 Kf8 $2 24. a3 Rh6 $2 25. Qe5 (25. Nxe4) 25... Rhf6
26. Qg3 (26. g4 $1 fxg4 27. Qxe4) 26... Rg6 27. Qf2 Rgf6 28. Rc1 f4 $2 (28...
Kg8) 29. exf4 Rxf4 (29... e3) 30. Qe2 (30. Qxf4+ Nxf4 31. Rxf4+ Rf6 32. Rxe4
$18) 30... Rg6 31. Qxe4 Rgf6 32. Rxf4 1-0

[Event "Mechanics' Fall TNM; G/2 d5"]
[Site "San Francisco"]
[Date "2017.12.05"]
[Round "7.16"]
[White "Campers Jr, Willie"]
[Black "Melville, Cailen"]
[Result "0-1"]
[WhiteElo "1628"]
[BlackElo "1844"]
[PlyCount "62"]
[EventDate "2017.??.??"]

1. e4 e6 2. d3 d5 3. e5 c5 4. c3 Nc6 5. Nf3 Qb6 6. Nbd2 Nge7 7. Nb3 Ng6 8. d4
cxd4 9. cxd4 Bb4+ 10. Bd2 Bxd2+ 11. Qxd2 O-O 12. Bd3 Bd7 13. Nc5 Ngxe5 14.
Bxh7+ Kxh7 15. Ng5+ Kg8 16. Qc2 Qb4+ 17. Kf1 Ng6 18. Nxd7 Nxd4 19. Qd3 Qxb2 20.
Rb1 {Diagram [#]} Rfc8 21. Qd1 Qc3 22. g3 f6 23. Qh5 Qd3+ 24. Kg2 fxg5 25. Rhd1
Qe4+ 26. Kg1 Nf3+ 27. Kf1 Nd2+ 28. Rxd2 Qxb1+ 29. Kg2 Rc1 30. Qxg5 Rg1+ 31. Kf3
Qe4# 0-1

[Event "Mechanics' Winter TNM; G/2"]
[Site "San Francisco"]
[Date "2017.02.07"]
[Round "6.13"]
[White "Campers Jr, Willie"]
[Black "O'Connor, Derek"]
[Result "0-1"]
[WhiteElo "1736"]
[BlackElo "2167"]
[PlyCount "126"]
[EventDate "2017.??.??"]

1. e4 c6 2. d4 d5 3. e5 Bf5 4. c3 e6 5. Qb3 Qb6 6. Qxb6 axb6 7. a3 Nd7 8. Nf3
h6 9. Be2 Ne7 10. Be3 Nc8 11. Nbd2 b5 12. O-O Be7 13. Rfc1 Ncb6 14. Ne1 O-O 15.
Bd3 Bxd3 16. Nxd3 Rfc8 17. b4 Ra7 18. Rc2 Nc4 19. Nxc4 dxc4 20. Nf4 Rca8 21.
Rca2 Ra4 22. Bc1 Nb6 23. g3 Bg5 24. h4 Bxf4 25. Bxf4 Kf8 26. Kf1 Nd5 27. Bd2
Ke7 28. Ke2 Kd7 29. Kd1 Kc7 30. Kc2 b6 31. Kb2 Ne7 32. Re1 Nd5 33. Re4 h5 34.
g4 g6 35. Ra1 Rh8 36. Bg5 c5 37. bxc5 bxc5 38. dxc5 Kc6 39. gxh5 Rxh5 40. Be3
Nxe3 41. fxe3 Rf5 42. Kc2 Rf2+ 43. Kb1 Kxc5 44. Ra2 Rf1+ 45. Kb2 Ra7 46. Rf4
Re1 47. Rf3 Rd7 48. Rf2 Rxe3 49. Ra1 Rxe5 50. a4 bxa4 51. Rxa4 Re4 52. Rh2 Rd5
53. Ra5+ Kd6 54. Ra7 Rf5 55. Ra6+ Ke5 56. h5 Rxh5 57. Rxh5+ gxh5 58. Ra5+ Kf4
59. Rxh5 f5 60. Kc2 Kg3 61. Kd2 Rh4 62. Rg5+ Kf3 63. Rg6 e5 0-1

[Event "Mechanics' Fall TNM; G/2 d5"]
[Site "San Francisco"]
[Date "2017.10.24"]
[Round "1.4"]
[White "Campers Jr, Willie"]
[Black "O'Connor, Derek"]
[Result "0-1"]
[WhiteElo "1628"]
[BlackElo "2285"]
[PlyCount "58"]
[EventDate "2017.??.??"]

1. e4 e5 2. Nf3 Nc6 3. Bc4 Nf6 4. d3 Be7 5. Bb3 O-O 6. O-O d6 7. c3 Kh8 8. Re1
Ng8 9. Nbd2 f5 10. exf5 Bxf5 11. Ne4 Bg4 12. Ned2 Qe8 13. h3 Bh5 14. Bd5 Nf6
15. Be6 Nd8 16. Bb3 Qd7 17. Qe2 Nf7 18. Bxf7 Rxf7 19. c4 c5 20. Qe3 h6 21. Nf1
Nh7 22. N1h2 Raf8 23. g4 Bg6 24. Qe2 Qc6 25. Kg2 Ng5 26. Bxg5 Bxg5 27. Kg3 Bf4+
28. Kh4 d5 29. Nxe5 Qf6+ 0-1

[Event "Mechanics' Spring TNM; G/2"]
[Site "San Francisco"]
[Date "2017.04.25"]
[Round "7.15"]
[White "Campers Jr, Willie"]
[Black "Sevall, Jacob"]
[Result "0-1"]
[WhiteElo "1721"]
[BlackElo "2048"]
[PlyCount "76"]
[EventDate "2017.??.??"]

1. e4 e5 2. Nf3 Nc6 3. Nc3 Nf6 4. Bb5 Bc5 5. O-O d6 6. h3 a6 7. Be2 Nd4 8. Nxd4
exd4 9. Nd5 Nxe4 10. d3 Nf6 11. Bg5 Be6 12. Nxf6+ gxf6 13. Bh4 Rg8 14. Kh2 Qe7
15. Re1 O-O-O 16. Bg4 Qd7 17. Bxe6 fxe6 18. Bxf6 Rdf8 19. Bh4 Qc6 20. Bg3 Qd5
21. Re4 Qg5 22. Qe2 e5 23. Rg4 Qf5 24. Rxg8 Rxg8 25. Re1 Qf7 26. b3 c6 27. Qe4
Bb6 28. f4 Qg7 29. Qf3 Bc7 30. fxe5 dxe5 31. Re4 Kb8 32. Rg4 Qh8 33. Rxg8+ Qxg8
34. Qf5 Qg7 35. Qe6 e4 36. Qg4 Qxg4 37. Bxc7+ Kxc7 38. hxg4 e3 0-1

[Event "Mechanics' Winter TNM; G/2"]
[Site "San Francisco"]
[Date "2017.01.17"]
[Round "3.7"]
[White "Campers Jr, Willie"]
[Black "Thornally, Frank"]
[Result "1/2-1/2"]
[WhiteElo "1736"]
[BlackElo "2200"]
[Annotator "Donaldson"]
[PlyCount "93"]
[EventDate "2017.??.??"]

1. e4 e5 2. Nf3 Nc6 3. Bc4 Nf6 4. d3 Be7 5. c3 O-O 6. Bg5 (6. Nbd2 d6 7. O-O
Na5 8. Bb5 a6 9. Ba4 b5 10. Bc2 c5 11. d4) (6. O-O) 6... d6 7. O-O h6 8. Be3
Na5 9. Bb5 a6 10. Ba4 b5 11. Bc2 c5 12. b4 (12. h3 Qc7 13. Nbd2) (12. Nbd2 Ng4)
12... Nc6 (12... cxb4 13. cxb4 Nc6 14. a3 d5 $1) 13. bxc5 dxc5 14. a4 b4 (14...
Rb8) (14... Be6) 15. Bb3 a5 (15... Bg4) 16. Qc2 Ba6 17. Rd1 Rc8 18. c4 Ng4 19.
Bc1 f5 20. h3 h5 (20... Nf6 21. exf5 Qd7 22. g4 (22. Re1 Qxf5 23. Nbd2) 22...
Bb7) 21. hxg4 (21. Bb2) 21... hxg4 (21... fxg4 22. Nh2 Nd4 23. Qa2 Bg5) 22. Nh2
Nd4 23. Qa2 Bg5 24. Be3 {Diagram [#]} Rc6 (24... g3 $1 25. Nf1 Bxe3 26. fxe3 (
26. Nxe3 gxf2+ 27. Kxf2 fxe4+ 28. Kg1 Qg5 29. Re1 Nf3+ {winning}) 26... fxe4 {
wins.}) 25. Bxd4 Qxd4 26. Nd2 g3 27. Ndf3 gxh2+ 28. Kh1 Qd8 29. Nxg5 Qxg5 30.
Qe2 f4 31. f3 Rd6 32. Ra2 Bc8 33. Qf2 Rd4 34. Kxh2 Qh5+ 35. Kg1 Rf6 36. Kf1
Rfd6 37. Ke2 Bd7 38. Raa1 Rh6 39. Rh1 Qxh1 40. Rxh1 Rxh1 41. Bc2 Ra1 (41... b3
42. Bxb3 Rb1 43. Bc2 Rb2 44. Kf1 (44. Kd1 Bxa4) 44... Bxa4) 42. Qh4 Bxa4 $4 (
42... Ra2 43. Qd8+ (43. Kd1 b3 44. Bxb3 Rxd3+ 45. Kc1 Rc3+ 46. Kb1 Rd2) 43...
Kf7) 43. Bxa4 Rxa4 44. Qe7 Ra2+ 45. Kf1 Rxd3 46. Qe8+ Kh7 47. Qh5+ 1/2-1/2

[Event "Mechanics' Peter Grey TNM; G/2 d5"]
[Site "San Francisco"]
[Date "2017.08.08"]
[Round "1.43"]
[White "Canessa, Kate"]
[Black "Erdenebileg, Erkhe"]
[Result "0-1"]
[WhiteElo "104"]
[BlackElo "1421"]
[PlyCount "62"]
[EventDate "2017.??.??"]

1. d4 d5 2. Nc3 Nf6 3. f3 Nc6 4. e3 e6 5. Nh3 Bb4 6. Bd2 a6 7. Bd3 Bd7 8. O-O
h6 9. Qe2 O-O 10. Rae1 e5 11. a3 Bxc3 12. Bxc3 exd4 13. exd4 Re8 14. Qf2 Bxh3
15. gxh3 Qd7 16. Qh4 Ne7 17. Re2 Ng6 18. Qg3 Nh5 19. Qg2 Nhf4 20. Qg4 Qxg4+ 21.
hxg4 Nxe2+ 22. Kf2 Nxc3 23. bxc3 Nf4 24. Bf5 g6 25. Kg3 Ne2+ 26. Kh4 gxf5 27.
gxf5 Nxc3 28. Kh5 Kh7 29. f4 Rg8 30. h4 Ne4 31. Rf3 Nf6# 0-1

[Event "Mechanics' Fall TNM; G/2 d5"]
[Site "San Francisco"]
[Date "2017.11.14"]
[Round "4.50"]
[White "Capdeville, Barry"]
[Black "Bayaraa, Timothy"]
[Result "0-1"]
[WhiteElo "1238"]
[BlackElo "945"]
[PlyCount "48"]
[EventDate "2017.??.??"]

1. e4 e5 2. Nf3 Nc6 3. Bb5 a6 4. Ba4 b5 5. Bb3 Nf6 6. d3 Bc5 7. c3 O-O 8. O-O
d6 9. h3 Re8 10. Bg5 Be6 11. Bxe6 Rxe6 12. Kh1 Qd7 13. Ng1 d5 14. Nd2 Rd8 15.
Bxf6 Rxf6 16. Nb3 Be7 17. d4 exd4 18. exd5 Qxd5 19. cxd4 Rg6 20. f3 Qg5 21. Rf2
Bd6 22. Ne2 Bg3 23. Nxg3 Qxg3 24. d5 Qxf2 0-1

[Event "Mechanics' Peter Grey TNM; G/2 d5"]
[Site "San Francisco"]
[Date "2017.09.26"]
[Round "8.46"]
[White "Capdeville, Barry"]
[Black "Canessa, Kate"]
[Result "1-0"]
[WhiteElo "1264"]
[BlackElo "104"]
[PlyCount "67"]
[EventDate "2017.??.??"]

1. e4 e5 2. Nf3 Bd6 3. d4 f6 4. d5 a5 5. Nc3 Na6 6. Nh4 Ne7 7. Qh5+ Kf8 8. Bh6
Rg8 9. Be3 Nb4 10. O-O-O Qe8 11. Qe2 a4 12. a3 Qf7 13. g4 b6 14. Qf3 Ba6 15.
Bxa6 Nxa6 16. Ne2 Ke8 17. Ng3 c6 18. Nhf5 Nxf5 19. Nxf5 Bf8 20. Kb1 cxd5 21.
Rxd5 g6 22. Nd6+ Bxd6 23. Rxd6 Qe7 24. Rxf6 Rf8 25. Bg5 Qg7 26. Rd1 Nc5 27.
Rxf8+ Qxf8 28. Bf6 Rb8 29. g5 b5 30. Qc3 Nxe4 31. Qxe5+ Kf7 32. Rxd7+ Kg8 33.
Qe6+ Qf7 34. Qxf7# 1-0

[Event "Mechanics' Fall TNM; G/2 d5"]
[Site "San Francisco"]
[Date "2017.11.28"]
[Round "6.50"]
[White "Capdeville, Barry"]
[Black "Carrel, Nick"]
[Result "1-0"]
[WhiteElo "1238"]
[BlackElo "1030"]
[PlyCount "65"]
[EventDate "2017.??.??"]

1. e4 c5 2. Nf3 d6 3. d4 cxd4 4. Nxd4 a6 5. Nc3 (5. c4) 5... e6 6. Bd3 Be7 7.
Be3 Nf6 8. O-O e5 9. Nf5 Bxf5 10. exf5 O-O 11. Qe2 d5 12. Bg5 Nc6 13. Bxf6 Bxf6
14. Qg4 Nb4 $4 15. Qxb4 b5 16. Qc5 d4 17. Ne4 Rc8 18. Nxf6+ Qxf6 19. Qb4 Rfe8
20. Be4 g6 21. fxg6 hxg6 22. Qd2 Qh4 23. Rae1 f5 24. g3 Qh3 25. Bg2 Qh5 26. f4
Kg7 27. Rxe5 Rh8 28. h3 Kf6 29. Qxd4 Rxc2 30. Rxf5+ Ke7 31. Rxh5 gxh5 32. Qxh8
Rxb2 33. Qxb2 1-0

[Event "Mechanics' Spring TNM; G/2"]
[Site "San Francisco"]
[Date "2017.03.21"]
[Round "2.37"]
[White "Capdeville, Barry"]
[Black "Eastham, Asher"]
[Result "0-1"]
[WhiteElo "1177"]
[BlackElo "1566"]
[PlyCount "82"]
[EventDate "2017.??.??"]

1. e4 e5 2. Nf3 Nc6 3. Bb5 a6 4. Ba4 Nf6 5. d3 Be7 6. a3 b5 7. Bb3 O-O 8. O-O
d6 9. h3 Bb7 10. Nc3 Re8 11. Bg5 h6 12. Bxf6 Bxf6 13. Ne2 Ne7 14. Ng3 g6 15.
Qd2 Bg7 16. Nh2 d5 17. Qe3 dxe4 18. dxe4 Qd4 19. Qf3 Rf8 20. c3 Qd6 21. Rad1
Qc6 22. Bc2 Rad8 23. Ng4 Nc8 24. Qe3 Kh7 25. Bb3 Nd6 26. Bd5 Qe8 27. Bxb7 Nxb7
28. Qa7 Qc6 29. Qe3 Nc5 30. Ne2 h5 31. Nh2 Nxe4 32. f3 Qc5 33. Qxc5 Nxc5 34. b4
Ne6 35. Ng3 f5 36. Rfe1 Rfe8 37. Nhf1 Bf6 38. Rxd8 Rxd8 39. Kh2 Nf4 40. Nh1 h4
41. Ne3 Rd2 {and White's flag fell in a losing position.} 0-1

[Event "Mechanics' Fall TNM; G/2 d5"]
[Site "San Francisco"]
[Date "2017.10.31"]
[Round "2.25"]
[White "Capdeville, Barry"]
[Black "Gomboluudev, Enkhjin"]
[Result "0-1"]
[WhiteElo "1238"]
[BlackElo "1665"]
[PlyCount "98"]
[EventDate "2017.??.??"]

1. e4 e5 2. Nf3 Nc6 3. Bb5 a6 4. Ba4 Nf6 5. d3 b5 6. Bb3 Bc5 7. c3 O-O 8. O-O
d6 9. h3 h6 10. Re1 Re8 11. Nbd2 Bb7 12. Nf1 d5 13. Ng3 dxe4 14. Nxe4 Nxe4 15.
Rxe4 Bd6 16. Re1 Qf6 17. Nh2 Qg6 18. Bd5 Na5 19. Qf3 e4 20. Bxe4 f5 21. Bd5+
Bxd5 22. Qxd5+ Kh7 23. Rxe8 Rxe8 24. Bd2 Rd8 25. Qf3 Be5 26. Rd1 Nc6 27. d4
Bxh2+ 28. Kxh2 b4 29. Re1 bxc3 30. bxc3 Na5 31. Qe2 Qd6+ 32. Kg1 Qa3 33. Qe6
Rf8 34. Re5 Qa4 35. Rxf5 Qd1+ 36. Kh2 Rxf5 37. Qxf5+ Kh8 38. Qd3 Nc4 39. Qxc4
Qxd2 40. Qf7 Qxc3 41. Qe8+ Kh7 42. Qe4+ Kh8 43. Qe5 Qc2 44. Qe3 Qxa2 45. g4 a5
46. Kg3 a4 47. d5 Qb3 48. Qf3 Qxf3+ 49. Kxf3 a3 0-1

[Event "Mechanics' Peter Grey TNM; G/2 d5"]
[Site "San Francisco"]
[Date "2017.09.12"]
[Round "6.39"]
[White "Capdeville, Barry"]
[Black "Morgan, Jerry D"]
[Result "0-1"]
[WhiteElo "1264"]
[BlackElo "1501"]
[Annotator "Donaldson"]
[PlyCount "62"]
[EventDate "2017.??.??"]

1. e4 Nf6 2. e5 Nd5 3. d4 d6 4. c4 Nb6 5. Nf3 dxe5 6. Nxe5 c6 (6... N8d7) (6...
g6) 7. Qf3 (7. Nc3) 7... Be6 8. Be3 N8d7 9. Nxd7 Qxd7 10. b3 g6 11. Nc3 Bg7 12.
Rd1 $4 (12. Be2 O-O (12... Bxd4 13. O-O-O Bxe3+ 14. Qxe3 Qc7) 13. O-O) 12...
Bg4 13. Qe4 Bxd1 14. Nxd1 O-O 15. Be2 Nc8 (15... Rad8) 16. c5 Qd5 (16... Rd8)
17. Qc2 (17. Qxd5 cxd5 18. Nc3 e6 19. O-O) 17... Qxg2 18. Rf1 Qxh2 19. Bf3 Qh3
20. Qe2 Qd7 21. Rh1 Bxd4 22. Bh6 Re8 (22... Rd8) 23. Be3 e6 (23... e5) 24. Bh5
Ne7 25. Bxg6 fxg6 26. Bxd4 Qxd4 27. Qxe6+ Kg7 28. Qh3 Nf5+ 29. Ne3 h6 30. Kf1
Nxe3+ 31. Kg1 Ng4 0-1

[Event "Mechanics' Peter Grey TNM; G/2 d5"]
[Site "San Francisco"]
[Date "2017.08.08"]
[Round "1.41"]
[White "Capdeville, Barry"]
[Black "Simpkins, Jerry"]
[Result "1-0"]
[WhiteElo "1264"]
[BlackElo "1553"]
[Annotator "Donaldson"]
[PlyCount "87"]
[EventDate "2017.??.??"]

1. e4 e5 2. Nf3 f5 3. d3 fxe4 4. dxe4 Nf6 5. Bg5 Nc6 6. c3 Bc5 7. Qc2 O-O 8. b4
Bb6 9. Bc4+ Kh8 10. O-O d6 11. h3 Ne7 12. Nbd2 h6 13. Bxf6 Rxf6 14. Kh1 Ng6 15.
Ng1 Nf4 16. Ndf3 Rg6 17. Ne1 Qg5 18. f3 Qg3 19. Ne2 Qh4 20. Nxf4 Qxf4 21. Nd3
Qg3 22. Nf2 $4 Bd7 (22... Qxg2#) 23. Ng4 h5 24. Bf7 Rg5 25. Nh2 Be3 26. f4 Bxf4
27. Nf3 Rf8 28. Qf2 Qxf2 29. Rxf2 Rg3 30. Bc4 Be3 31. Re2 Bb6 32. Kh2 h4 33.
Nxh4 Rg5 34. Nf3 Rh5 35. h4 Bg4 36. Kg3 Bxf3 37. gxf3 Rf4 38. Rh1 g5 39. Rhh2
gxh4+ 40. Kh3 Rxf3+ $4 {Practically anything else would have won.} 41. Kg4 Rxc3
42. Kxh5 Rxc4 43. Rxh4 Rxb4 44. Kg6+ 1-0